000 03554nam0a22004451 4500
001 v19\rc\1630002
005 20260406084441.0
035 _a(NLR Aleph) 005239946
090 _a5693810
_c5693810
100 _a20061002d1899 |||y0rusy50 ca
101 0 _arus
102 _aRU
105 _aag z |||||
200 1 _aПомощь пострадавшим от неурожая
_eЛит.-худож. сб.
_f[Рис. В.М. Васнецова, С.А. Виноградова, Н.В. Досекина и др.]
210 _aМосква
_cГаз. "Курьер"
_d1899
215 _a[4], 112, 14 с.
_cил., нот.
_d35
316 _aЭкз. РНБ (134/476): приброш. 12 л. илл.
_5NLR: 134/476
327 0 _aАвторы: К. Р[оманов], М. Горький, Д. Мамин-Сибиряк, Вл. Ладыженский, П. Обнинский, Л. Медведев, Е. Гославский, М. Громницкий, А. Чехов, М. Лохвицкая, И. Янжул и др.
464 0 _1700#1$3RU\NLR\AUTH\77104$7ca$aГорький$bМ.$f1868-1936$gМаксим
_aГорький, Максим (1868-1936)
464 0 _1700#1$3RU\NLR\AUTH\77149$7ca$aМамин-Сибиряк$bД. Н.$f1852-1912$gДмитрий Наркисович
_aМамин-Сибиряк, Дмитрий Наркисович (1852-1912)
464 0 _1700#1$3RU\NLR\AUTH\7764308$7ca$aЛадыженский$bВ. Н.$f1859-1932$gВладимир Николаевич
_aЛадыженский, Владимир Николаевич (1859-1932)
464 0 _1700#1$aОбнинский$bВ.П.$f1867-1916$gВиктор Петрович
_aОбнинский, Виктор Петрович (1867-1916)
464 0 _1700#1$3RU\NLR\AUTH\7778170$7ca$aМедведев$bЛ. М.$cпоэт, писатель$f1865-1904$gЛев Михайлович
_aМедведев, Лев Михайлович (поэт, писатель ; 1865-1904)
464 0 _1700#1$aГославский$bЕ.П.$f1861-1917$gЕвгений Петрович
_aГославский, Евгений Петрович (1861-1917)
464 0 _1700#1$aГромницкий$bМ.Ф.$gМихаил Федорович
_aГромницкий, Михаил Федорович
464 0 _1700#1$aЧехов$bА. П.$cписатель$f1860-1904$gАнтон Павлович$3RU\NLR\AUTH\77359$7ca
_aЧехов, Антон Павлович (писатель ; 1860-1904)
464 0 _1700#1$3RU\NLR\AUTH\778909$7ca$aЛохвицкая$bМ.А.$f1869-1905$gМирра Александровна
_aЛохвицкая, Мирра Александровна (1869-1905)
464 0 _1700#1$3RU\NLR\AUTH\7780719$7ca$aЯнжул$bИ. И.$f1846-1914$gИван Иванович
_aЯнжул, Иван Иванович (1846-1914)
464 0 _1700#0$3RU\NLR\AUTH\778811$7ca$aКонстантин Константинович$cвеликий князь$f1858-1915
_aКонстантин Константинович (великий князь ; 1858-1915)
702 1 _4440
_8rus
_7ca
_aВаснецов
_bВ. М.
_cхудожник
_f1848-1926
_gВиктор Михайлович
_3RU\NLR\AUTH\7753124
_936057
702 1 _aВиноградов
_bС. А.
_cхудожник
_f19 в.
_4440
702 1 _aДосекин
_bИ. В.
_cхудожник
_f19 в.
_4440
801 0 _aRU
_bNLR
_c20061002
_gpsbo
801 0 _aRU
_bRuMoRGB
_c20061002
_2psbo
801 1 _aRU
_bProSoft-M
_c20061002
_2rusmarc
801 2 _aRU
_bNLR
_c20090930
_2rusmarc
852 _aNLR
_j20.51.2.1
852 _aNLR
_j134/476
942 _cBOOK
980 _aNB